Arogyada amulya sadhana: manava mutra-svamutra. (Record no. 78889)
[ view plain ]
| 000 -LEADER | |
|---|---|
| fixed length control field | 00676nam a2200193Ia 4500 |
| 003 - CONTROL NUMBER IDENTIFIER | |
| control field | OSt |
| 005 - DATE AND TIME OF LATEST TRANSACTION | |
| control field | 20240529153131.0 |
| 008 - FIXED-LENGTH DATA ELEMENTS--GENERAL INFORMATION | |
| fixed length control field | 210210b1967 xxu||||| |||| 00| 0 eng d |
| 040 ## - CATALOGING SOURCE | |
| Transcribing agency | AL |
| 041 ## - LANGUAGE CODE | |
| Language code of text/sound track or separate title | Kannada |
| 082 ## - DEWEY DECIMAL CLASSIFICATION NUMBER | |
| Classification number | 615.535K RAVA |
| 100 ## - MAIN ENTRY--PERSONAL NAME | |
| Personal name | RAVAJIBHAYI MANIBHAYI PATELA. |
| Dates associated with a name | ರಾವಜಿಬಾಯ್ ಮಣಿಭಾಯಿ ಪಟೇಲ |
| 9 (RLIN) | 168441 |
| 245 ## - TITLE STATEMENT | |
| Title | Arogyada amulya sadhana: manava mutra-svamutra. |
| Remainder of title | ಆರೋಗ್ಯದ ಅಮೂಲ್ಯ ಸಾಧನ: ಮಾನವ ಮೂತ್ರ-ಸ್ವಮೂತ್ರ |
| 260 ## - PUBLICATION, DISTRIBUTION, ETC. | |
| Place of publication, distribution, etc. | Bengaluru. |
| Name of publisher, distributor, etc. | Bhudana Karyalaya, |
| Date of publication, distribution, etc. | 1967 |
| 300 ## - PHYSICAL DESCRIPTION | |
| Extent | 420 |
| 690 ## - LOCAL SUBJECT ADDED ENTRY--TOPICAL TERM (OCLC, RLIN) | |
| Topical term or geographic name as entry element | Pharmacology |
| 9 (RLIN) | 168442 |
| 906 ## - LOCAL DATA ELEMENT F, LDF (RLIN) | |
| a | 027604 |
| 942 ## - ADDED ENTRY ELEMENTS (KOHA) | |
| Source of classification or shelving scheme | Dewey Decimal Classification |
| Koha item type | Book |
| Withdrawn status | Lost status | Damaged status | Not for loan | Collection code | Home library | Current library | Shelving location | Date acquired | Cost, normal purchase price | Total Checkouts | Full call number | Barcode | Date last seen | Price effective from | Koha item type |
|---|---|---|---|---|---|---|---|---|---|---|---|---|---|---|---|
| St Aloysius Library | St Aloysius Library | 02/17/2021 | 4.00 | 615.535K RAVA | 027604 | 02/17/2021 | 02/17/2021 | Book |